Negociačné pozície SR na rokovaniach s Európskou úniou

Negociačné pozície SR na rokovaniach s EÚ v oblasti malého a stredného podnikania, hospodárskej súťaže a vedy a výskumu, ich legislatívne a bezpečnostné východiská.

Na minha lista:
Detalhes bibliográficos
Formato: Capítulo de Livro
Idioma:eslovaco
Assuntos:
Tags: Adicionar Tag
Sem tags, seja o primeiro a adicionar uma tag!

MARC

LEADER 00000naa a2200000 4500
001 r038261
005 20230824105137.8
041 0 |a slo 
044 |a SK 
245 1 0 |a Negociačné pozície SR na rokovaniach s Európskou úniou 
520 |a Negociačné pozície SR na rokovaniach s EÚ v oblasti malého a stredného podnikania, hospodárskej súťaže a vedy a výskumu, ich legislatívne a bezpečnostné východiská. 
610 2 0 |a integrácia ekonomická medzinárodná 
610 2 0 |a Európska únia 
610 2 0 |a Slovensko 
610 2 0 |a podnikanie malé 
610 2 0 |a podnikanie stredné 
610 2 0 |a súťaž hospodárska 
610 2 0 |a veda 
610 2 0 |a výskum 
610 2 0 |a legislatíva 
610 2 0 |a aproximácia práva